Debt ceiling increase : hearings before the Committee on Finance, United States Senate, Eighty-fifth Congress, second session, on H.R.9955, an act to provide for a temporary increase in the public debt, January 27, 28, February 4 and 7, 1958.

Bibliographic Details
Corporate Author: United States. Congress. Senate. Committee on Finance (Author)
Format: Government Document eBook
Language:English
Published: Washington : United States Government Printing Office, 1958.
Subjects:
Online Access:https://purl.fdlp.gov/GPO/gpo81374

MARC

Tag First Indicator Second Indicator Subfields
LEADER 00000cam a2200000 i 4500
001 in00003888821
005 20200511085021.0
006 m o d f
007 cr mn|||||n|||
008 730727s1958 dcua o f000 0 eng c
035 |a (OCoLC)ocn988838518 
042 |a pcc 
043 |a n-us--- 
040 |a Z5A  |b eng  |e rda  |e pn  |c Z5A  |d OCLCO  |d GPO  |d MvI 
049 |a WWW 
050 1 4 |a KF26  |b .F5 1958h 
050 4 |a HJ8119  |b .A48 1958 
074 |a 1038-C (online) 
086 0 |a Y 4.F 49:D 35/3 
110 1 |a United States.  |b Congress.  |b Senate.  |b Committee on Finance,  |e author. 
245 1 0 |a Debt ceiling increase :  |b hearings before the Committee on Finance, United States Senate, Eighty-fifth Congress, second session, on H.R.9955, an act to provide for a temporary increase in the public debt, January 27, 28, February 4 and 7, 1958. 
264 1 |a Washington :  |b United States Government Printing Office,  |c 1958. 
300 |a 1 online resource (v, 466 pages) :  |b illustrations 
336 |a text  |b txt  |2 rdacontent 
337 |a computer  |b c  |2 rdamedia 
338 |a online resource  |b cr  |2 rdacarrier 
588 |a Description based on online resource, PDF version; title from title page (FRASER web site, viewed on June 5, 2017). 
650 0 |a Debts, Public  |z United States. 
776 0 8 |i Print version:  |a United States. Congress. Senate. Committee on Finance.  |t Debt ceiling increase  |w (DLC) 58060318  |w (OCoLC)665273 
856 4 0 |u https://purl.fdlp.gov/GPO/gpo81374  |t 0 
999 f f |s c89b118e-3a27-3dbb-8c94-d895705c3a37  |i 5f2c03c3-af24-3109-b795-4d07d9ed5350  |t 0 
952 f f |a Texas A&M University  |b College Station  |c Electronic Resources  |d Available Online  |t 0  |e Y 4.F 49:D 35/3  |h Superintendent of Documents classification 
998 f f |a Y 4.F 49:D 35/3  |t 0  |l Available Online